|
|
|
|
| LEADER |
00000nam0a2200000 4500 |
| 001 |
34227 |
| 005 |
20231101210224.0 |
| 035 |
|
|
|a (RuTPU)RU\TPU\book\34612
|
| 035 |
|
|
|a BOOK00001263
|
| 090 |
|
|
|a 34227
|
| 100 |
|
|
|a 20011210d1971 m y0rusy50 ca
|
| 101 |
0 |
|
|a rus
|
| 102 |
|
|
|a RU
|
| 105 |
|
|
|a a j 001zy
|
| 200 |
1 |
|
|a Математические основы теории автоматического регулирования
|e учебное пособие
|f В. А. Иванов, Б. К. Чемоданов, В. С. Медведев
|g Под ред. Б. К. Чемоданова
|
| 210 |
|
|
|a Москва
|c Высшая школа
|d 1971
|
| 215 |
|
|
|a 807 с.
|c ил.
|
| 320 |
|
|
|a Список литературы: с. 798-799
|
| 606 |
|
|
|a Автоматическое регулирование
|x Математические исследования
|2 stltpush
|3 (RuTPU)RU\TPU\subj\935
|9 29740
|
| 610 |
1 |
|
|a автоматическое управление
|
| 610 |
1 |
|
|a математические исследования
|
| 610 |
1 |
|
|a учебные пособия
|
| 675 |
|
|
|a 681.51.01:51(075.8)
|v 3
|
| 700 |
|
1 |
|a Иванов
|b В. А.
|g Виктор Александрович
|
| 701 |
|
1 |
|a Чемоданов
|b Б. К.
|g Борис Константинович
|
| 701 |
|
1 |
|a Медведев
|b В. С.
|g Владимир Степанович
|
| 702 |
|
1 |
|a Чемоданов
|b Б. К.
|g Борис Константинович
|4 340
|
| 801 |
|
0 |
|a RU
|b 63413507
|c 20011210
|g PSBO
|
| 801 |
|
2 |
|a RU
|b 63413507
|c 20180307
|g PSBO
|
| 900 |
|
|
|a Теория автоматического управления
|
| 900 |
|
|
|a Автоматизация теплоэнергетических процессов промышленных предприятий
|
| 900 |
|
|
|a Математические основы кибернетики
|
| 900 |
|
|
|a Расчет и проектирование следящего привода
|
| 900 |
|
|
|a Математические основы теории управления
|
| 942 |
|
|
|c BK
|